Normal view
MARC view
- MUHAMMAD JAWAD
Entry Personal Name
001 - CONTROL NUMBER
- control field: 69672
003 - CONTROL NUMBER IDENTIFIER
- control field: NUST
005 - DATE AND TIME OF LATEST TRANSACTION
- control field: 20210628204257.0
008 - FIXED-LENGTH DATA ELEMENTS
- fixed length control field: 210628|| aca||aabn | a|a d
040 ## - CATALOGING SOURCE
- Original cataloging agency: NUST
- Transcribing agency: NUST
100 ## - HEADING--PERSONAL NAME
- Personal name: MUHAMMAD JAWAD
670 ## - SOURCE DATA FOUND
- Source citation: Work cat.: (NUST): MUHAMMAD JAWAD, TH-SOF-1505-Radar Hop Frequency Detection for Electronic Support Measurement using Agile Band pass Sampling, 2018
